| Tag |
First Indicator |
Second Indicator |
Subfields |
| LEADER |
00000cam a2200000 a 4500 |
| 001 |
in00001424708 |
| 005 |
20151020073738.0 |
| 008 |
960520s1997 couab b f000 0 eng |
| 010 |
|
|
|a 96024417
|
| 020 |
|
|
|a 0607870419
|
| 035 |
|
|
|a (OCoLC)34878844
|
| 035 |
|
|
|9 AHQ5335AM
|
| 040 |
|
|
|d NOH
|d AGL
|d GPO
|d DLC
|d MvI
|d UtOrBLW
|
| 043 |
|
|
|a n-us-az
|a n-us-nm
|
| 050 |
0 |
0 |
|a TD428.U73
|b E34 1997
|
| 070 |
0 |
|
|a 407
|b G29W no.2476
|
| 072 |
|
0 |
|a P200
|
| 074 |
|
|
|a 0625
|
| 082 |
0 |
0 |
|a 363.73/942/09789
|2 20
|
| 086 |
0 |
|
|a I 19.13:2476
|
| 096 |
|
|
|a WA 675
|b U9 v. 2476 1997
|
| 245 |
0 |
0 |
|a Effects of uranium-mining releases on ground-water quality in the Puerco River Basin, Arizona and New Mexico.
|
| 246 |
2 |
|
|a Effects of uranium mining releases on ground-water quality in the Puerco River Basin, Arizona and New Mexico
|
| 264 |
|
1 |
|a [Washington D.C.?] :
|b U.S. Dept. of the Interior, U.S. Geological Survey ;
|c [1997]
|
| 264 |
|
2 |
|a Denver, CO :
|b For sale by the U.S. Geological Survey, Branch of Information Services,
|
| 300 |
|
|
|a vi, 73 pages :
|b illustrations, maps ;
|c 28 cm.
|
| 336 |
|
|
|a text
|b txt
|2 rdacontent
|
| 337 |
|
|
|a unmediated
|b n
|2 rdamedia
|
| 338 |
|
|
|a volume
|b nc
|2 rdacarrier
|
| 490 |
1 |
|
|a U.S. Geological Survey water-supply paper ;
|v 2476
|
| 500 |
|
|
|a Shipping list number: 98-0032-P.
|
| 504 |
|
|
|a Includes bibliographical references (pages 69-73).
|
| 650 |
|
0 |
|a Uranium mines and mining
|x Environmental aspects
|z Puerco River Watershed (N.M. and Ariz.)
|
| 650 |
|
0 |
|a Uranium
|x Environmental aspects
|z Puerco River Watershed (N.M. and Ariz.)
|
| 650 |
|
0 |
|a Water quality
|z Puerco River Watershed (N.M. and Ariz.)
|
| 650 |
|
0 |
|a Groundwater
|z Puerco River Watershed (N.M. and Ariz.)
|x Quality.
|
| 650 |
|
2 |
|a Uranium
|z New Mexico.
|
| 650 |
|
2 |
|a Uranium
|z Arizona.
|
| 650 |
|
2 |
|a Water Supply
|z New Mexico.
|
| 650 |
|
2 |
|a Water Supply
|z Arizona.
|
| 700 |
1 |
|
|a Van Metre, Peter.
|
| 710 |
1 |
|
|a United States.
|b Office of Navajo and Hopi Indian Relocation.
|
| 710 |
2 |
|
|a Geological Survey (U.S.)
|
| 830 |
|
0 |
|a U.S. Geological Survey water-supply paper ;
|v 2476.
|
| 999 |
|
|
|a MARS
|
| 999 |
f |
f |
|s bd61e8b6-6635-3ab8-bbf3-7d112e0c4ce9
|i f3344e35-2790-3e7d-8b12-94e50ccea91b
|t 0
|
| 952 |
f |
f |
|p normal
|a Texas A&M University
|b College Station
|c Sterling C. Evans Library
|d Evans: US Documents (Annex 5th floor)
|t 0
|e I 19.13:2476
|h Superintendent of Documents classification
|i unmediated -- volume
|m A14821787981
|
| 998 |
f |
f |
|a I 19.13:2476
|t 0
|l Evans: US Documents (Annex 5th floor)
|